First Nations to Reach Space - Statistics

General Stats
  • This quiz has been taken 33 times
  • The average score is 8 of 12
Answer Stats
Name Date Country % Correct
Alan Shepard 5 May 1961 United States
100%
Yuri Gagarin 12 Apr 1961 Soviet Union
97%
Jean-Loup Chrétien 24 Jun 1982 France
80%
Miroslaw Hermaszewski 27 Jun 1978 Poland
80%
Georgi Ivanov 10 Apr 1979 Bulgaria
67%
Dumitru Prunarju 14 May 1981 Romania
67%
Phạm Tuân 23 Jul 1980 Vietnam
67%
Vladimir Remek 2 Mar 1978 Czechoslovakia
60%
Bertalan Farkas 26 May 1980 Hungary
60%
Arnaldo Tamayo 18 Sep 1980 Cuba
53%
Sigmund Jähn 26 Aug 1978 East Germany
50%
Jügderdemidiin Gürragchaa 22 Mar 1981 Mongolia
50%
No matching quizzes found
Score Distribution
Percent of People with Each Score
Percentile by Number Answered
Your Score History
You have not taken this quiz